[Event "6th EICC"]
[Site "Warsaw POL"]
[Date "2005.06.28"]
[Round "10"]
[White "Winants,L"]
[Black "Pelletier,Y"]
[Result "0-1"]
[WhiteElo "2535"]
[BlackElo "2610"]

1.d4 Nf6 2.Bg5 Ne4 3.Bf4 c5 4.d5 Qb6 5.Nd2 Nxd2 6.Bxd2 Qxb2 7.e4 Qe5 8.Bd3 c4
9.Nf3 Qc7 10.Be2 e5 11.Bc3 d6 12.a4 Be7 13.Nd2 b6 14.Bxc4 O-O 15.Bb2 Bg5
16.Bd3 Nd7 17.Nb3 Nc5 18.Nxc5 bxc5 19.O-O Rb8 20.Bc3 c4 21.Be2 f5 22.exf5 Bxf5
23.Bg4 Qc5 24.Kh1 h6 25.Bxf5 Rxf5 26.f3 Rf7 27.Re1 Be3 28.Rb1 Rfb7 29.Rxb7 Rxb7
30.Qe2 Bd4 31.Bxd4 Qxd4 32.Rd1 Qc3 33.f4 exf4 34.Qe8+ Kh7 35.Qe4+ g6 36.Qxf4 Qxc2
37.Re1 Qe2 38.Rg1 c3 39.Qxd6 c2 40.Qc6 Rb1 41.Qc7+ Kg8 42.Qd8+ Kf7 43.Qc7+ Qe7
44.Qc3 Qe4 45.h3 Rd1 46.Qc7+ Kf6 47.Qd8+ Kf5 48.Qf8+ Kg5 49.Qd8+ Kh5 50.Kh2 Qe5+
51.g3 Rd2+  0-1

[Event "ch-SWE"]
[Site "Goeteborg SWE"]
[Date "2005.07.02"]
[Round "1"]
[White "Lindberg,Bo"]
[Black "Ernst,T"]
[Result "0-1"]
[WhiteElo "2359"]
[BlackElo "2459"]

1.d4 Nf6 2.Bg5 Ne4 3.Bf4 c5 4.f3 Qa5+ 5.c3 Nf6 6.Nd2 cxd4 7.Nc4 Qf5 8.Qxd4 Nc6
9.Qe3 Qe6 10.Qxe6 fxe6 11.e4 d5 12.Ne5 Nxe5 13.Bxe5 dxe4 14.Bb5+ Bd7 15.Bxd7+ Nxd7
16.Bd4 e5 17.Bf2 exf3 18.Nxf3 g6 19.O-O Bg7 20.Rfe1 Rc8 21.Rad1 b6 22.Rd5 Rf8
23.Red1 Nf6 24.Rxe5 Ng4 25.Re4 Nxf2 26.Kxf2 Rf5 27.g4 Ra5 28.a3 Rac5 29.Rde1 R8c7
30.Kg3 Bf6 31.h4 h6 32.Nd4 Rd5 33.Ne6 Rcd7 34.Nf4 Rd2 35.R1e2 Kf7 36.h5 g5
37.Ng2 R7d6 38.Kf2 R2d3 39.Ne3 e6 40.Nc4 Rc6 41.Kg2 b5 42.Na5 Ra6 43.Nb3 Rd5
44.Rf2 Ke7 45.Nd2 Be5 46.Nf3 Bf4 47.Nh4 e5 48.Nf5+ Kd7 49.c4 bxc4 50.Rxc4 Re6
51.Re2 Rd3 52.Rb4 a6 53.Rb7+ Kc6 54.Rh7 e4 55.Rxh6 Rxh6 56.Nxh6 Rg3+ 57.Kf1 Kd5
58.Ng8 e3 59.h6 Ke4 60.Nf6+ Kf3 61.Rh2 Rg1+  0-1

[Event "4th Open"]
[Site "La Fere FRA"]
[Date "2005.07.04"]
[Round "4"]
[White "Vilpoux,J"]
[Black "Grooten,H"]
[Result "1-0"]
[WhiteElo "2090"]
[BlackElo "2376"]

1.d4 Nf6 2.Bg5 Ne4 3.Bf4 c5 4.f3 Qa5+ 5.c3 Nf6 6.d5 d6 7.e4 g6 8.Na3 Bg7
9.Nc4 Qd8 10.a4 O-O 11.Qd2 Na6 12.Bd3 Nh5 13.Bg5 Bf6 14.g4 e6 15.h4 Ng7 16.Qf4 Ne8
17.Nxd6 Bxg5 18.hxg5 Nxd6 19.Qh2 Re8 20.Qxh7+ Kf8 21.e5 Qxg5 22.Qh8+ Ke7
23.exd6+ Kd8 24.Bb5 Bd7 25.dxe6 Qe3+ 26.Kf1 Qxe6 27.Qh4+ Kc8 28.Re1 Bxb5+
29.axb5 Qc4+ 30.Kg2 Qxb5 31.Rxe8+ Qxe8 32.Qf6 Kd7 33.Rh7 Qd8 34.Qxf7+ Kxd6
35.Qxg6+ Kd5 36.Qf7+  1-0

[Event "FSGM July"]
[Site "Budapest HUN"]
[Date "2005.07.05"]
[Round "4"]
[White "Thorfinnsson,Br"]
[Black "Ilincic,Z"]
[Result "0-1"]
[WhiteElo "2328"]
[BlackElo "2470"]

1.d4 Nf6 2.Bg5 Ne4 3.Bf4 c5 4.f3 Nf6 5.d5 Nh5 6.Be3 e6 7.g4 Nf6 8.c4 exd5
9.cxd5 Qb6 10.Bc1 h5 11.g5 Qb4+ 12.Kf2 Qh4+ 13.Kg2 c4 14.d6 b5 15.e4 Bb7
16.gxf6 gxf6 17.Ne2 f5 18.Ng3 f4 19.Qd4 f6 20.e5 Bxf3+ 21.Kg1 Nc6 22.Qxf4 Qxf4
23.Bxf4 fxe5 24.Bg5 h4 25.Bg2 Bxg2 26.Kxg2 hxg3 27.Nc3 Rxh2+ 28.Kxg3 Rxh1
29.Rxh1 Kf7 30.Rf1+ Kg7 31.Ne4 Re8 32.Rf6 Nd8 33.Kg4 Kh8 34.Rf2 Bg7 35.Nf6 Bxf6
36.Bxf6+ Kh7 37.Kf5 Nf7 38.Be7 Nh6+ 39.Ke4 Ng8 40.Bh4 Kg6 41.Kd5 e4 42.Rg2+ Kh5
43.Bg5 e3 44.Kd4 e2 45.Bd2 Nf6 46.Rg5+ Kh4 47.Rxb5 e1=Q 48.Bxe1+ Rxe1 49.Rb7 Re4+
50.Kc5 a5 51.Ra7 Kg5 52.Rxa5 Kf5 53.Ra8 Ke6 54.a4 Rh4 55.a5 Ne4+ 56.Kd4 Nxd6+
57.Kc3 Nb5+ 58.Kb4 Kd5 59.Rc8 Nd4 60.Ka3 Rh3+ 61.Ka2 Nc6 62.b4 Nxb4+ 63.Kb2 Nd3+  0-1

[Event "Australian Junior Masters"]
[Site "Sydney AUS"]
[Date "2005.07.07"]
[Round "8"]
[White "Zhao Zong Yuan"]
[Black "Song,R"]
[Result "1-0"]
[WhiteElo "2442"]
[BlackElo "2085"]

1.d4 Nf6 2.Bg5 Ne4 3.Bf4 c5 4.f3 Qa5+ 5.c3 Nf6 6.d5 Qb6 7.Bc1 g6 8.e4 d6
9.Na3 Bg7 10.Nc4 Qd8 11.Bg5 Nbd7 12.Qd2 b5 13.Ne3 Rb8 14.Bd3 O-O 15.Ne2 Qc7
16.O-O e5 17.c4 b4 18.Nd1 Nh5 19.g4 Nf4 20.Nxf4 exf4 21.Bxf4 Ne5 22.Kh1 f5
23.gxf5 gxf5 24.Bxe5 Bxe5 25.f4 Bd4 26.Nf2 Kh8 27.Rae1 fxe4 28.Nxe4 Rg8 29.Ng5 Bg4
30.h3 Bc8 31.Qd1 Rxg5 32.fxg5 Bxh3 33.Rf4 Qd7 34.Qh5  1-0

[Event "57th ch-Montenegro"]
[Site "Cetinje SCG"]
[Date "2005.07.08"]
[Round "1"]
[White "Kosic,D"]
[Black "Milonjic,M"]
[Result "1/2-1/2"]
[WhiteElo "2489"]
[BlackElo "2215"]

1.d4 Nf6 2.Bg5 Ne4 3.Bf4 c5 4.f3 Nf6 5.dxc5 e6 6.Bd6 Bxd6 7.cxd6 Qb6 8.b3 O-O
9.e4 Ne8 10.Bd3 Nxd6 11.Ne2 f5 12.exf5 Nxf5 13.Bxf5 Rxf5 14.Nbc3 Nc6 15.Qd2 d5
16.O-O-O a5 17.Nd4 Rf6 18.Rhe1 Bd7 19.Nxc6 Bxc6 20.Qd4 Qc7 21.Qe5 Qb6 22.Rd4 a4
23.Rg4 Kh8 24.Nxa4 Bxa4 25.Rxa4 Rc8 26.Kb1 Qc5 27.Rc1 h6 28.Qd4 Qd6 29.f4 b5
30.Rb4 Rc4 31.Rxc4 bxc4 32.g3 Rf8 33.bxc4 Rb8+ 34.Ka1 Qb4 35.g4 dxc4 36.g5 hxg5
37.Rg1  1/2-1/2

[Event "VISUS Open"]
[Site "Prague CZE"]
[Date "2005.07.08"]
[Round "7"]
[White "Sedlacek,T"]
[Black "Illetsko,J"]
[Result "1/2-1/2"]
[WhiteElo "1995"]
[BlackElo "2154"]

1.d4 Nf6 2.Bg5 Ne4 3.h4 d5 4.e3 c5 5.Nd2 Qb6 6.Nxe4 dxe4 7.Ne2 e6 8.Qc1 Bd6
9.c3 Nc6 10.h5 f6 11.Bf4 e5 12.dxe5 Bxe5 13.Ng3  1/2-1/2

[Event "20th North Sea Cup"]
[Site "Esbjerg DEN"]
[Date "2005.07.09"]
[Round "9"]
[White "Sorensen,A"]
[Black "Hansen,Er"]
[Result "1-0"]
[WhiteElo "2029"]
[BlackElo "1838"]

1.d4 Nf6 2.Bg5 Ne4 3.Bh4 d5 4.e3 g6 5.Bd3 Bg7 6.Nd2 f5 7.c4 c6 8.f3 Nf6 9.Ne2 O-O
10.O-O Be6 11.b4 Nbd7 12.a4 dxc4 13.Nxc4 Nd5 14.Qd2 N7f6 15.Ne5 Nd7 16.Nc4 N7f6
17.Rad1 Bh6 18.Bf2 Rc8 19.Rfe1 b5 20.axb5 cxb5 21.Na5 Qd6 22.Bxb5 Qxb4 23.Qxb4 Nxb4
24.Nf4 Bf7 25.Nd3 Nfd5 26.Nxb4 Nxb4 27.Rb1 Nc2 28.Re2 Na3 29.Rbb2 Nxb5 30.Rxb5 Rc1+
31.Be1 Rfc8 32.Kf2 Ra1 33.Reb2 Rcc1 34.Bd2 Rf1+ 35.Kg3 g5 36.Rxf5 Be6 37.Re5 Kf7
38.Nc6 g4 39.Nd8+ Ke8 40.Nxe6 gxf3 41.gxf3 Rg1+ 42.Kh3 Raf1 43.Rf5 Kd7 44.Nf8+ Bxf8
45.Rxf8 Rg6 46.e4 Rf2 47.Bc1 Rf1 48.Rc2 Rfg1 49.Bf4 Rb6 50.Rc7+ Ke6 51.d5+  1-0

[Event "27th Open"]
[Site "Oberwart AUT"]
[Date "2005.07.09"]
[Round "1"]
[White "Turian,H"]
[Black "Alvir,A"]
[Result "0-1"]
[WhiteElo "2072"]
[BlackElo "2385"]

1.d4 Nf6 2.Bg5 Ne4 3.Bf4 c5 4.e3 Qb6 5.b3 Qa5+ 6.c3 Nc6 7.Ne2 d5 8.f3 Nf6
9.g4 g6 10.Bg2 Bg7 11.Bg3 O-O 12.Nf4 e6 13.O-O Nd7 14.Kh1 Re8 15.Bf2 Qc7
16.Na3 a6 17.Nc2 b6 18.Rc1 Bb7 19.Bg3 Qd8 20.Qd2 Rc8 21.h3 Qe7 22.Rfe1 Red8
23.Qf2 Na7 24.e4 dxe4 25.fxe4 Nb5 26.Ne2 cxd4 27.cxd4 Nc3 28.Nxc3 Rxc3 29.Bh4 g5
30.Qd2 Rxc2 31.Rxc2 gxh4 32.Rc7 Ba8 33.e5 Bxg2+ 34.Qxg2 Qb4 35.Qf2 Qb5 36.Qxh4 Qd5+
37.Kh2 Nxe5 38.Qe7 Nf3+ 39.Kg3 Ng5 40.Rf1 Bf8  0-1

[Event "LXVIII ch-CRC"]
[Site "San Jose Julio CRC"]
[Date "2005.07.09"]
[Round "8"]
[White "Hernandez Basante,F"]
[Black "Ugalde,R"]
[Result "1-0"]
[WhiteElo "2265"]
[BlackElo "2174"]

1.d4 Nf6 2.Bg5 Ne4 3.Bf4 d5 4.f3 Nf6 5.e4 dxe4 6.Nc3 e6 7.fxe4 Bb4 8.Bd3 O-O
9.Nf3 c5 10.a3 Bxc3+ 11.bxc3 c4 12.Bxc4 Nxe4 13.Qd3 Qa5 14.O-O Qxc3 15.Qxe4 Qxc4
16.Bd6 f5 17.Qf4 Nc6 18.Bxf8 Kxf8 19.Rad1 Ne7 20.Qh4 h6 21.Ne5 Qa4 22.c4 Bd7
23.d5 exd5 24.Nxd7+ Qxd7 25.cxd5 Qd6 26.Qb4 Rd8 27.Qxb7 Qxa3 28.d6 Qc5+ 29.Kh1 Nc8
30.Qc7 Qb6 31.Rxf5+ Kg8 32.Qf7+ Kh7 33.Rfd5 Rxd6 34.Qf5+  1-0

[Event "ch-Paris Open"]
[Site "Paris FRA"]
[Date "2005.07.10"]
[Round "2"]
[White "Pira,D"]
[Black "Marcelin,C"]
[Result "1-0"]
[WhiteElo "2385"]
[BlackElo "2481"]

1.d4 Nf6 2.Bg5 Ne4 3.Bf4 c5 4.d5 Qb6 5.Bc1 e6 6.f3 Nf6 7.c4 Qb4+ 8.Bd2 Qxc4
9.e4 Qd4 10.Ne2 Qxb2 11.Nbc3 Qb6 12.Rb1 Qd8 13.Bg5 d6 14.dxe6 fxe6 15.Nf4 Nc6
16.Bc4 h6 17.Ng6 Rg8 18.Bf4 Nh5 19.O-O Qf6 20.Nb5 Qxg6 21.Bxd6 Kf7 22.f4 Qxe4
23.Qxh5+ g6 24.Qxc5 b6 25.Qa3 Ba6 26.Qxa6 Qxc4 27.Qb7+ Be7 28.Bxe7  1-0

[Event "Open"]
[Site "Condom FRA"]
[Date "2005.07.12"]
[Round "5"]
[White "Vilpoux,J"]
[Black "Lemeaux,D"]
[Result "0-1"]
[WhiteElo "2090"]
[BlackElo "2213"]

1.d4 Nf6 2.Bg5 Ne4 3.Bf4 c5 4.f3 Nf6 5.d5 d6 6.e4 Na6 7.Bb5+ Nd7 8.a4 Nc7
9.Ne2 Nxb5 10.axb5 g6 11.Qd2 h5 12.Na3 Bg7 13.c3 Nb6 14.O-O Bd7 15.Rfe1 a6
16.bxa6 Rxa6 17.Ng3 Qa8 18.Rad1 Na4 19.e5 dxe5 20.Bxe5 f6 21.Qc2 fxe5 22.d6 exd6
23.Qxg6+ Kf8 24.Nxh5 Rxh5 25.Qxh5 Nxb2 26.Rd2 Rxa3 27.Rxb2 b5 28.Rd2 d5 29.Rxe5 Bxe5
30.Qxe5 Ra1+ 31.Kf2 Ra2 32.Qf6+ Ke8 33.Qh8+ Ke7 34.Qg7+ Kd6 35.Qf6+ Kc7 36.Qf4+ Kb6
37.Qd6+ Bc6 38.Rxa2 Qxa2+ 39.Kg3 Qa7  0-1

[Event "DMP 1st League"]
[Site "Koszalin POL"]
[Date "2005.07.12"]
[Round "10"]
[White "Wojtaszek,R"]
[Black "Gajdzica,M"]
[Result "1-0"]
[WhiteElo "2591"]
[BlackElo "2052"]

1.d4 Nf6 2.Bg5 Ne4 3.Bf4 d5 4.e3 c5 5.Bd3 Qb6 6.Bxe4 dxe4 7.Nc3 Bf5 8.Nd5 Qa5+
9.b4 cxb4 10.Nc7+ Kd8 11.Nxa8 Na6 12.Ne2 f6 13.O-O g5 14.Bg3 h5 15.h4 Rg8
16.hxg5 fxg5 17.d5 h4 18.Be5 Bg4 19.Kh2 Bg7 20.Bxg7 Rxg7 21.Qd4 Rh7 22.Qxe4  1-0

[Event "57th ch-Montenegro"]
[Site "Cetinje SCG"]
[Date "2005.07.13"]
[Round "6"]
[White "Milonjic,M"]
[Black "Vujacic,I"]
[Result "1/2-1/2"]
[WhiteElo "2215"]
[BlackElo "2146"]

1.d4 Nf6 2.Bg5 Ne4 3.Bh4 g5 4.f3 gxh4 5.fxe4 c5 6.e3 Qb6 7.b3 Bh6 8.Kf2 Nc6
9.Nf3 cxd4 10.exd4 e5 11.c3 exd4 12.cxd4 Bg7 13.Ke3 d5 14.exd5 Ne7 15.Nc3 Nf5+
16.Kf2 Nxd4 17.Na4 Qf6 18.Rc1 Nxf3 19.Bb5+ Kf8 20.gxf3 a6 21.Be2 h3 22.Nc3 Bf5
23.Kf1 Bh6 24.Nb1 Bxc1 25.Qxc1 Rc8 26.Qa3+ Qe7 27.d6 Qd7 28.Nd2 b5 29.Rg1 Rc6
30.Qb2 Rg8 31.Rxg8+ Kxg8 32.Qe5 Rxd6 33.Qg3+ Rg6 34.Qb8+ Kg7 35.Qe5+ f6 36.Qf4 Bd3
37.Ne4 Bxe2+ 38.Kxe2 Rg2+ 39.Ke3 Qc6 40.Qf5 Qc1+ 41.Kd4 Qb2+ 42.Kd3 Qc2+
43.Ke3 Re2+ 44.Kf4 Qc1+ 45.Kg4 Qg1+ 46.Ng3 h5+ 47.Kh4 Qd4+ 48.f4 Qf2 49.Kxh5 Qf3+
50.Kh4 Qf2 51.Kh5  1/2-1/2

[Event "2nd S Wales Int"]
[Site "Caerleon WLS"]
[Date "2005.07.14"]
[Round "9"]
[White "Collier,D"]
[Black "James,R"]
[Result "0-1"]
[WhiteElo "2122"]
[BlackElo "2219"]

1.d4 Nf6 2.Bg5 Ne4 3.Bf4 c5 4.f3 Qa5+ 5.c3 Nf6 6.Nd2 cxd4 7.Nb3 Qb6 8.Qxd4 Nc6
9.Qxb6 axb6 10.Nd4 e5 11.Nxc6 dxc6 12.Bxe5 Be6 13.e4 Rxa2 14.Rxa2 Bxa2 15.Bd3 Nd7
16.Bf4 g6 17.Ne2 Bg7 18.Kf2 Nc5 19.Bc2 Be6 20.Nd4 Bc8 21.Bc7 b5 22.Ra1 Na6
23.Bd6 f6 24.b4 Kd7 25.Bf4 Rd8 26.Bb3 Ke8 27.Ne6 Bxe6 28.Bxe6 Ke7 29.Ba2 Ke8
30.Ke2 f5 31.e5 h6 32.h4 Ke7 33.Bb3 Rd7 34.g4 fxg4 35.fxg4 Nc7 36.Ra7 Ne6
37.Bg3 g5 38.Bxe6 Kxe6 39.hxg5 hxg5 40.Ra8 Re7 41.Rd8 Bxe5 42.Bxe5 Kxe5 43.Rd4 Rh7
44.Kd3 Rh3+ 45.Kd2 Rg3 46.Kc2 Rf3 47.Rd7 Rf4 48.Rxb7 Rxg4 49.Re7+ Kd5 50.Rd7+ Ke6
51.Rg7 Kf6 52.Rg8 Rc4 53.Rf8+ Kg6 54.Rf3 g4 55.Rd3 Kg5 56.Kd2 Kh4 57.Ke2 g3
58.Kf1 Kh3 59.Kg1 Re4 60.Rd1 Re3 61.Rc1 Re2 62.Kf1 Rh2 63.Kg1 g2  0-1

[Event "57th ch-Montenegro"]
[Site "Cetinje SCG"]
[Date "2005.07.15"]
[Round "8"]
[White "Abramovic,D"]
[Black "Vujacic,I"]
[Result "0-1"]
[WhiteElo "2136"]
[BlackElo "2146"]

1.d4 Nf6 2.Bg5 Ne4 3.Bf4 c5 4.f3 Nf6 5.d5 g6 6.c4 b5 7.cxb5 Bg7 8.Nc3 d6
9.e4 O-O 10.Qd2 a6 11.bxa6 Qa5 12.Kf2 Bxa6 13.Bxa6 Nxa6 14.Nge2 Rfb8 15.Rab1 c4
16.Be3 Rb7 17.Rhd1 Nb4 18.Kg1 Qc7 19.a4 Nd7 20.Bd4 Nd3 21.Nb5 Bxd4+ 22.Nexd4 Qc5
23.b4 Qc8 24.Nc6 N7e5 25.Nxe5 dxe5 26.Qc2 Nxb4 27.Qc3 Qc5+ 28.Kh1 Rxa4 29.Na3 Nd3
30.Rxd3 Qxa3 31.Re1 cxd3 32.Qc8+ Kg7 33.Qxb7 d2 34.Rd1 Qc1 35.Qb1 Qxb1 36.Rxb1 Rc4  0-1

[Event "Politiken Cup"]
[Site "Copenhagen DEN"]
[Date "2005.07.17"]
[Round "3"]
[White "Marder,S"]
[Black "Jorgensen,D"]
[Result "1-0"]
[WhiteElo "2043"]
[BlackElo "2168"]

1.d4 Nf6 2.Bg5 Ne4 3.Bf4 d5 4.f3 Nf6 5.e4 e6 6.e5 Nfd7 7.Be3 c5 8.c3 Nc6
9.f4 Qb6 10.Qd2 Be7 11.Nf3 O-O 12.Be2 f6 13.O-O fxe5 14.fxe5 Qd8 15.Na3 cxd4
16.cxd4 Nb6 17.Rac1 Bd7 18.Nc2 Rc8 19.b3 a5 20.Qe1 Nb4 21.Nxb4 Bxb4 22.Qg3 Ba3
23.Rxc8 Nxc8 24.Bd3 Ne7 25.Qh3 Nf5 26.g4 Nh6 27.Bxh6 gxh6 28.Qxh6 Qe7 29.Ng5 Rxf1+
30.Kxf1 Qg7 31.Bxh7+ Kf8 32.Qf6+ Qxf6+ 33.exf6 Bb5+ 34.Kf2 Bb2 35.Nf3 a4
36.g5  1-0

[Event "Magistral"]
[Site "Salamanca ESP"]
[Date "2005.07.18"]
[Round "9"]
[White "Vasilev,M"]
[Black "Lopez Rodriguez,JL"]
[Result "1-0"]
[WhiteElo "2419"]
[BlackElo "2226"]

1.d4 Nf6 2.Bg5 Ne4 3.Bf4 c5 4.f3 Nf6 5.d5 d6 6.e4 e5 7.dxe6 Bxe6 8.Nc3 d5
9.exd5 Nxd5 10.Nxd5 Qxd5 11.Qxd5 Bxd5 12.O-O-O Be6 13.Bb5+ Nc6 14.Ne2 Be7
15.Bxc6+ bxc6 16.Nc3 O-O 17.Bd6 Bxd6 18.Rxd6 Rac8 19.Ne4 c4 20.Nc5 Bd5 21.Kd2 Rfe8
22.Rd7 Rb8 23.Rxa7 Rxb2 24.Re1 Rbb8 25.Rxe8+ Rxe8 26.a4 h5 27.h4 Kh7 28.a5 Kg6
29.a6 Kf5 30.Rd7 Ra8 31.a7  1-0

[Event "MTO Open"]
[Site "Biel SUI"]
[Date "2005.07.21"]
[Round "4"]
[White "Cebalo,M"]
[Black "Midoux,S"]
[Result "1-0"]
[WhiteElo "2511"]
[BlackElo "2300"]

1.d4 Nf6 2.Bg5 Ne4 3.Bf4 c5 4.f3 Qa5+ 5.c3 Nf6 6.d5 e6 7.e4 exd5 8.exd5 Qb6
9.Na3 d6 10.Qe2+ Kd8 11.O-O-O a6 12.g4 Be7 13.h4 Re8 14.Qh2 Qc7 15.Nc4 b5
16.Nxd6 Bxd6 17.Bxd6 Qb6 18.g5 Nh5 19.Bh3 f5 20.gxf6 Nxf6 21.Bxc8 Kxc8 22.Nh3 Rd8
23.Be5 Nbd7 24.Ng5 Nxe5 25.Qxe5 Ra7 26.Ne6 Qd6 27.Qf5 Rdd7 28.Rhe1 Kb7 29.Nxg7 Nxd5
30.Re6 Qg3 31.Nh5  1-0

[Event "WYb16"]
[Site "Belfort FRA"]
[Date "2005.07.22"]
[Round "4"]
[White "Nguyen Ngoc Truongson"]
[Black "Rombaldoni,D"]
[Result "1/2-1/2"]
[WhiteElo "2554"]
[BlackElo "2327"]

1.d4 Nf6 2.Bg5 Ne4 3.Bf4 c5 4.f3 Qa5+ 5.c3 Nf6 6.Nd2 cxd4 7.Nb3 Qb6 8.Qxd4 Nc6
9.Qxb6 axb6 10.Be3 e5 11.Bxb6 d5 12.Bf2 d4 13.e4 Be6 14.Nd2 Bc5 15.Bb5 O-O-O
16.Nb3 Ba7 17.Rc1 dxc3 18.bxc3 Bxf2+ 19.Kxf2 Na7 20.Be2 Kb8 21.Ke3 Rd6 22.Bd3 Rhd8
23.Be2 Rc8 24.g4 Rb6 25.c4 Rb4 26.Nh3 h5 27.Nf2 hxg4 28.fxg4 Bxc4 29.g5 Nxe4
30.Nxe4 Bxe2 31.Nbc5 Bb5 32.h4 Rd8 33.a4 Bc6 34.Rb1 Rxe4+ 35.Nxe4 Rd4 36.Nc5 Bxh1
37.Rxh1 Nc6 38.h5 Ne7 39.Rb1 Nd5+ 40.Kf3 b6 41.Nd7+ Kc7 42.Nxe5 Rxa4 43.Rc1+ Kb7
44.Rd1 Ra3+ 45.Kf2 Ra2+ 46.Kg1 Nf4 47.Rd7+ Ka6 48.h6 Rg2+ 49.Kf1 Rxg5 50.Nxf7 gxh6  1/2-1/2

[Event "MTO Open"]
[Site "Biel SUI"]
[Date "2005.07.22"]
[Round "5"]
[White "Charmier,G"]
[Black "Benkovic,P"]
[Result "0-1"]
[WhiteElo "2138"]
[BlackElo "2431"]

1.d4 Nf6 2.Bg5 Ne4 3.Bf4 e6 4.Nd2 Nxd2 5.Qxd2 b6 6.e4 Bb7 7.Bd3 c5 8.Nf3 cxd4
9.Nxd4 a6 10.O-O d6 11.e5 dxe5 12.Bxe5 Nd7 13.Qe2 Nxe5 14.Qxe5 Qd6 15.Qxd6 Bxd6
16.Rfd1 O-O-O 17.Nb3 g6 18.Nd2 Rd7 19.Nc4 Bc7 20.Be2 Rhd8 21.Ne3 b5 22.Rxd7 Rxd7
23.Rd1 f5 24.c4 b4 25.Nc2 a5 26.Nd4 e5 27.Nb3 Rxd1+ 28.Bxd1 Bb6 29.Nd2 Ba6
30.Ba4 Bd4 31.b3 e4 32.Kf1 Bb7 33.Ke2 Kd8 34.Bb5 Bc5 35.g3 g5 36.f4 gxf4
37.gxf4 Bc8 38.Nf1 Bd6 39.Ke3 Be6 40.Ng3 Bc5+ 41.Ke2 Ke7 42.Bc6 Bg1 43.h4 Bc5
44.Nh5 Bd4 45.Ng3 Bf6 46.h5 Bh4 47.Nf1 Bf7 48.h6 Kd6 49.Bb7 Be6 50.Ne3 Be7
51.Nd5 Bf8 52.Nf6 Bxh6 53.Ke3 Kc5 54.Ba6 Bg7 55.Nxh7 Bd7 56.Bb7 a4 57.Ng5 Bb2
58.Nh3 a3 59.Ke2 Ba4  0-1

[Event "Open A"]
[Site "Pardubice CZE"]
[Date "2005.07.23"]
[Round "2"]
[White "Jakubek,P"]
[Black "Czarnota,P"]
[Result "1/2-1/2"]
[WhiteElo "2255"]
[BlackElo "2461"]

1.d4 Nf6 2.Bg5 Ne4 3.Bf4 c5 4.f3 Nf6 5.dxc5 Qa5+ 6.Qd2 Qxc5 7.Nc3 Nc6 8.e4 d6
9.O-O-O a6 10.g4 e5 11.Be3 Qa5 12.g5 Nh5 13.Bc4 Be6 14.Nd5 Qxd2+ 15.Rxd2 Rc8
16.Nb6 Rc7 17.Nd5 Rc8 18.Nb6 Rc7 19.Nd5 Rc8  1/2-1/2

[Event "ACT Open"]
[Site "Amsterdam NED"]
[Date "2005.07.24"]
[Round "9"]
[White "Odink,K"]
[Black "Spaan,T"]
[Result "1-0"]
[WhiteElo "2198"]
[BlackElo "2284"]

1.d4 Nf6 2.Bg5 Ne4 3.Bf4 c5 4.f3 Qa5+ 5.c3 Nf6 6.d5 d6 7.e4 g6 8.Nd2 Bg7
9.Nc4 Qc7 10.e5 dxe5 11.d6 Qd8 12.Bxe5 O-O 13.Kf2 b5 14.dxe7 Qxe7 15.Bd6 Qe6
16.Bxf8 Bxf8 17.Na3 c4 18.Nxb5 Bc5+ 19.Nd4 Nc6 20.g3 Rb8 21.Qd2 Nd5 22.Bxc4 Ne5
23.Bb3 Qf6 24.Bxd5 Rxb2 25.Qxb2 Nd3+ 26.Kg2 Nxb2 27.Nge2 Nd3 28.Rhd1 Ne5
29.Rab1 Kg7 30.Nf4 Nd7 31.h4 Nb6 32.Be4 Nc4 33.Nd5 Qd6 34.Nb3 Bb6 35.Nxb6 Qxb6
36.Rd4 Ne3+ 37.Kf2 Nf5 38.Nd2 Nxd4 39.Rxb6  1-0

[Event "Open A"]
[Site "Pardubice CZE"]
[Date "2005.07.24"]
[Round "3"]
[White "Vokoun,J"]
[Black "Polivoda,N"]
[Result "0-1"]
[WhiteElo "2326"]
[BlackElo "2233"]

1.d4 Nf6 2.Bg5 Ne4 3.Bf4 c5 4.f3 Qa5+ 5.c3 Nf6 6.d5 d6 7.e4 g6 8.Nd2 Bg7
9.Nc4 Qd8 10.a4 O-O 11.Ne2 b6 12.Ng3 h5 13.Bd3 Na6 14.O-O Nc7 15.Qb3 Rb8
16.Na3 a6 17.Rfd1 Bd7 18.Bf1 b5 19.axb5 axb5 20.Nc2 Ra8 21.Na3 Qb8 22.Nc2 Qb7
23.Re1 Rfb8 24.Ne3 Nh7 25.Ne2 Ra6 26.Rab1 Qa7 27.Qd1 Ra2 28.Nc2 b4 29.cxb4 Rxb2
30.Rxb2 Bxb2 31.Be3 Na6 32.bxc5 Nxc5 33.Ned4 Qa4 34.Bf2 Kf8 35.e5 dxe5 36.Rxe5 Nb3
37.Re4 Nxd4 38.Bxd4 Bf5 39.Bxb2 Bxe4 40.Be5  0-1

[Event "WYb18"]
[Site "Belfort FRA"]
[Date "2005.07.25"]
[Round "7"]
[White "Grigorov,G"]
[Black "Wojtaszek,R"]
[Result "0-1"]
[WhiteElo "2400"]
[BlackElo "2591"]

1.d4 Nf6 2.Bg5 Ne4 3.Bf4 d5 4.f3 Nf6 5.Nc3 e6 6.e4 Bb4 7.a3 Bxc3+ 8.bxc3 dxe4
9.fxe4 b6 10.Bd3 Bb7 11.Qe2 c5 12.Nf3 c4 13.Bxc4 Nxe4 14.Qe3 Nd7 15.O-O O-O
16.Bd3 Ndf6 17.Qe1 Rc8 18.c4 Nd6 19.Bg5 h6 20.Bh4 Nf5 21.Bxf5 exf5 22.c3 g5
23.Nxg5 hxg5 24.Bxg5 Qd6 25.Rxf5 Nh7 26.Qf2 Qg6 27.Bf6 Rxc4 28.Rf1 Be4 29.Rf4 Rxc3
30.Qe2 Bd3 31.Qd1 Bxf1 32.Rg4 Nxf6 33.Rxg6+ fxg6  0-1

[Event "Open A"]
[Site "Pardubice CZE"]
[Date "2005.07.25"]
[Round "4"]
[White "Richter,Mic"]
[Black "Kovalev,An"]
[Result "0-1"]
[WhiteElo "2415"]
[BlackElo "2548"]

1.d4 Nf6 2.Bg5 Ne4 3.Bf4 c5 4.f3 Qa5+ 5.c3 Nf6 6.d5 g6 7.Qd2 d6 8.c4 Qxd2+
9.Kxd2 b5 10.e4 Bg7 11.Nc3 bxc4 12.Bxc4 Nbd7 13.g4 Rb8 14.b3 Nb6 15.Bb5+ Bd7
16.a4 Bxb5 17.axb5 Nfxd5 18.exd5 Bxc3+ 19.Kxc3 Nxd5+ 20.Kc4 Nxf4 21.Rxa7 d5+
22.Kxc5 Nd3+ 23.Kc6 Nf2 24.b6 Nxh1 25.b7 d4 26.Nh3 e5 27.Ra1 Ke7 28.Rxh1 Rbd8
29.Re1 Rd6+ 30.Kc7 Rd7+ 31.Kc6 Rb8 32.Rxe5+ Kd8 33.Rb5 d3 34.Nf2 d2  0-1

[Event "WYb16"]
[Site "Belfort FRA"]
[Date "2005.07.26"]
[Round "8"]
[White "Aloma Vidal,R"]
[Black "Fougerit,V"]
[Result "0-1"]
[WhiteElo "2350"]
[BlackElo "2138"]

1.d4 Nf6 2.Bg5 Ne4 3.Bf4 c5 4.f3 Qa5+ 5.c3 Nf6 6.d5 Qb6 7.b3 e6 8.e4 exd5
9.exd5 Bd6 10.Bg5 Be7 11.Bc4 O-O 12.Ne2 d6 13.O-O Nbd7 14.a4 a6 15.Na3 Re8
16.Be3 Qc7 17.h3 Bf8 18.Qd2 g6 19.g4 Nb6 20.Ng3 Nfxd5 21.Bg5 Be7 22.Bxd5 Bxg5
23.Qxg5 Re5 24.Bxf7+ Kxf7 25.Qh6 Kg8 26.a5 Nd5 27.Nc4 Re6 28.Ne4 Bd7 29.Rad1 Bc6
30.Qh4 Rf8 31.Qg3 Nf4 32.Kh1 d5 33.Nxc5 dxc4 34.Nxe6 Nxe6 35.Rd6 Qf7 36.Qe5 Nf4
37.bxc4 Qxc4 38.Rb1 Bxf3+ 39.Kh2 Qa2+ 40.Kg3 Qg2+  0-1

[Event "WYb16"]
[Site "Belfort FRA"]
[Date "2005.07.26"]
[Round "8"]
[White "Nguyen Ngoc Truongson"]
[Black "Wu,L"]
[Result "1-0"]
[WhiteElo "2554"]
[BlackElo "2252"]

1.d4 Nf6 2.Bg5 Ne4 3.Bf4 c5 4.f3 Qa5+ 5.c3 Nf6 6.Nd2 cxd4 7.Nb3 Qb6 8.Qxd4 Nc6
9.Qxb6 axb6 10.Be3 d5 11.Bxb6 e5 12.Bf2 Be6 13.Nd2 d4 14.e4 dxc3 15.bxc3 Ba3
16.Nc4 Bxc4 17.Bxc4 Bb2 18.Rb1 Bxc3+ 19.Kf1 O-O 20.Ne2 Bb4 21.Be3 Rfd8 22.Kf2 Ra3
23.Rhd1 Rxd1 24.Rxd1 Kf8 25.Rb1 Nd7 26.Bc1 Ra7 27.Kf1 Ke8 28.Bd5 Bc5 29.Nc3 Nb4
30.Bc4 Nb6 31.Bb5+ Ke7 32.a4 Nc6 33.Bd3 Kd7 34.Bb5 Ke7 35.Ke2 Nd4+ 36.Kd3 Ra8
37.Bc4 Ra7 38.Rxb6 Bxb6 39.Nd5+ Kd6 40.Nxb6 Kc5 41.Nd7+ Kd6 42.Nxe5 Kxe5
43.Bb2 Rxa4 44.Bxd4+ Kd6 45.Bxf7  1-0

[Event "Open A"]
[Site "Pardubice CZE"]
[Date "2005.07.28"]
[Round "7"]
[White "Steiner,B"]
[Black "Karavade,E"]
[Result "1-0"]
[WhiteElo "2287"]
[BlackElo "2370"]

1.d4 Nf6 2.Bg5 Ne4 3.Bf4 c5 4.f3 Qa5+ 5.c3 Nf6 6.d5 Qb6 7.e4 Qxb2 8.Nd2 Qxc3
9.Bc7 g6 10.Rc1 Qe3+ 11.Ne2 Bh6 12.Nc4 Qg5 13.h4 Qh5 14.Ng3  1-0

[Event "Open A"]
[Site "Pardubice CZE"]
[Date "2005.07.30"]
[Round "9"]
[White "Steiner,B"]
[Black "Meduna,E"]
[Result "0-1"]
[WhiteElo "2287"]
[BlackElo "2453"]

1.d4 Nf6 2.Bg5 Ne4 3.Bf4 c5 4.f3 Nf6 5.dxc5 Na6 6.e4 Nxc5 7.Nc3 d6 8.Qd2 e5
9.Bg5 a6 10.Nge2 h6 11.Be3 Qc7 12.g4 Be6 13.Ng3 O-O-O 14.b4 Ncd7 15.b5 d5
16.Nxd5 Bxd5 17.exd5 a5 18.Kf2 Bb4 19.Qd3 e4 20.d6 Bxd6 21.Nxe4 Nxe4+ 22.Qxe4 Rhe8
23.Qc4 Bc5 24.Bxc5 Nxc5 25.Bd3 Kb8 26.Kg2 Qd6 27.Rhe1 Ne6 28.Rad1 Nf4+ 29.Kh1 g5
30.Qxf7 Nxd3 31.cxd3 Rf8 32.Qc4 Rxf3 33.Re6 Qf8 34.Kg1 Rdxd3 35.Qxd3 Rxd3
36.Rxd3 Qc5+ 37.Ree3 Qc4 38.h3 Qxa2 39.Rb3 Ka7 40.b6+ Ka6 41.Kf1 a4 42.Rbd3 Kxb6
43.Rd6+ Ka5 44.Rxh6 a3 45.Rh5 Qb1+ 46.Kf2 a2 47.Rxg5+ b5  0-1

[Event "4th Open"]
[Site "Davos SUI"]
[Date "2005.07.31"]
[Round "2"]
[White "Bigg,A"]
[Black "Schwab,F"]
[Result "1-0"]
[WhiteElo "2277"]
[BlackElo "2063"]

1.d4 Nf6 2.Bg5 Ne4 3.h4 d5 4.Nd2 Nxd2 5.Qxd2 Bf5 6.e3 c6 7.Nf3 Nd7 8.h5 h6
9.Bh4 Nf6 10.Bxf6 exf6 11.Nh4 Qd7 12.Bd3 Bxd3 13.Qxd3 Qe6 14.O-O-O Bd6 15.Nf5 O-O
16.Rh4 Kh8 17.Rg4 Rg8 18.Rh1 c5 19.Nxd6 Qxd6 20.dxc5 Qxc5 21.Rd4 Qa5 22.Kb1 Rgd8
23.Rd1 Rac8 24.Rxd5 Rxd5 25.Qxd5 Qc7 26.c3 Kg8 27.Qd7 Kf8 28.Qxc7 Rxc7 29.Rd8+ Ke7
30.Rg8 Rc5 31.Rxg7 Rxh5 32.Rg8 Rd5 33.Kc2 h5 34.Rb8 Rd7 35.Rh8 Rd5 36.f4 Ke6
37.e4 Ra5 38.a3 Ra4 39.Kd3 f5 40.exf5+ Kxf5 41.Rxh5+ Kg4 42.Rg5+ Kxf4 43.Rg7 f5
44.Rxb7 Kg3 45.Rg7+ Kf4 46.c4 Ke5 47.Rd7 Ra6 48.c5 Rg6 49.Rxa7 Rxg2 50.b4 Kd5
51.Rd7+ Kc6 52.Rd6+ Kb5 53.Rb6+ Ka4 54.c6 Kb3 55.Rb8 Rc2 56.b5 Rc1 57.Rf8 Kxa3
58.b6  1-0